Un seul mot, un seul pays - Statistiques

Statistiques générales
  • Ce quiz a été pris 285 fois
  • Le résultat moyen est 14 sur 15
Statistiques - réponses
Hint Réponse % Correct
Kangourou Australie
99%
Pyramides Égypte
99%
Paella Espagne
98%
Spaghetti Italie
98%
Big Ben Royaume-Uni
96%
Feuille d'érable Canada
95%
Baguette France
95%
Tagine Maroc
94%
Mont Fuji Japon
93%
Samba Brésil
92%
Porto Portugal
92%
Vikings Norvège
91%
Machu Picchu Pérou
89%
Tango Argentine
81%
Safari Kenya
64%
Aucun quiz correspondant
Distribution des résultats
% des personnes avec chaque résultat
Percentile par nombre de réponses
Votre historique - résultats
Vous n’avez pas pris ce quiz